000 00349nam a2200157Ia 4500
003 OSt
005 20240209124235.0
008 170524s9999 xx 000 0 und d
020 _a 9788126529452
040 _cIIMT UNIVERSITY
100 _aSMITH DAYLE
100 _c2010
245 0 _aMANAGEMENT COMMUNICTION
260 _aWILEY
942 _2ddc
_c01
999 _c2768
_d2768